书目信息 |
| 题名: |
佛像收藏实用解析
|
|
| 作者: | ;华文图景收藏项目组 编 | |
| 分册: | ||
| 出版信息: | 北京 中国轻工业出版社 2010 |
|
| 页数: | 182页 | |
| 开本: | 21cm | |
| 丛书名: | ||
| 单 册: | ||
| 中图分类: | G894 , B949.92 | |
| 科图分类: | ||
| 主题词: | 佛像--收藏--基本知识--中国 , 佛像--鉴赏--基本知识--中国 , 佛像 , 收藏 | |
| 电子资源: | ||
| ISBN: | 978-7-5019-6063-7 | |
| 000 | 00925nam0 2200289 450 | |
| 001 | 012015000408 | |
| 005 | 20150914152327.40 | |
| 010 | @a978-7-5019-6063-7@dCNY78.00 | |
| 100 | @a20100319d2010 em y0chiy50 ea | |
| 101 | 0 | @achi |
| 102 | @aCN@b110000 | |
| 105 | @aa z 000yy | |
| 106 | @ar | |
| 200 | 1 | @a佛像收藏实用解析@Afo xiang shou cang shi yong jie xi@f华文图景收藏项目组编 |
| 210 | @a北京@c中国轻工业出版社@d2010 | |
| 215 | @a182页@c彩图@d21cm | |
| 300 | @a华文图景收藏馆 | |
| 330 | @a本书以翔实的文字和图像资料,介绍了佛像的发展历史、造型式样、文化内涵,以及辨伪、收藏方法等方面的知识。 | |
| 606 | 0 | @a佛像@x收藏@x基本知识@y中国 |
| 606 | 0 | @a佛像@x鉴赏@x基本知识@y中国 |
| 606 | 0 | @a佛像 |
| 606 | 0 | @a收藏 |
| 690 | @aG894@v5 | |
| 690 | @aB949.92@v5 | |
| 711 | 02 | @a华文图景收藏项目组@Ahua wen tu jing shou cang xiang mu zu@4编 |
| 801 | 0 | @aCN@b碧洲教育@c20150716 |
| 905 | @a10447@f4@dG894@e299 | |
| 佛像收藏实用解析/华文图景收藏项目组编.-北京:中国轻工业出版社,2010 |
| 182页:彩图;21cm |
| 华文图景收藏馆 |
| ISBN 978-7-5019-6063-7:CNY78.00 |
| 本书以翔实的文字和图像资料,介绍了佛像的发展历史、造型式样、文化内涵,以及辨伪、收藏方法等方面的知识。 |
| ● |
| 相关链接 |
|
|
|
|
正题名:佛像收藏实用解析
索取号:G894/299
 
预约/预借
| 序号 | 登录号 | 条形码 | 馆藏地/架位号 | 状态 | 备注 |
| 1 | 0849417 | 208494173 | 第一样本阅览室/ [索取号:G894/299] | 在馆 | |
| 2 | 0849418 | 208494182 | 第四借阅区/ [索取号:G894/299] | 在馆 | |
| 3 | 0849419 | 208494191 | 第四借阅区/ [索取号:G894/299] | 在馆 | |
| 4 | 0849420 | 208494208 | 第四借阅区/ [索取号:G894/299] | 在馆 |